000 00767 a2200229 4500
001 62934
005 20260407155923.0
008 260407a1982 arg spa d
003 AR-UNSa-BCEJYS
040 _aAR-UNSa-BCEJYS
_bspa
_cAR-UNSa-BCEJYS
080 _a621.039
_xTecnología nuclear. Energía atómica e industria atómica. Ingeniería nuclear en general
245 1 0 _aNucleopolis
_pMateriales para el análisis de una sociedad nuclear
020 _a978-84-7088-304-0
264 1 _aMadrid :
_bInstituto de Estudios de Administración Local
_c1982
300 _a479 p.
_c21 cm.
041 _aspa
942 _cBK
590 _aniveau_biblio:m niveau_hierar:0
100 1 _aFagnani, Francis
700 1 _aNicolon, Alexandre
700 1 _aVioque Lozano, Juan
999 _c7881
_d7881